Integración de los servicios actuales de acceso de RACSA mediante el uso de la RED IP-MPLS de RACSA
Salvato in:
| Autore principale: | |
|---|---|
| Natura: | Libro |
| Pubblicazione: |
2006
[San José, Costa Rica]
|
| Soggetti: | |
| Tags: |
Aggiungi Tag
Nessun Tag, puoi essere il primo ad aggiungerne!!
|
MARC
| LEADER | 00000nam a2200000Ia 4500 | ||
|---|---|---|---|
| 003 | 009674 | ||
| 005 | 20221231144124.0 | ||
| 008 | 140114s2006 cr a m 000 ||s d | ||
| 040 | |c cru CEDI | ||
| 090 | |a TFG 5205 | ||
| 100 | |a Kopper Barquero, Luis Diego |9 5697 | ||
| 245 | |a Integración de los servicios actuales de acceso de RACSA mediante el uso de la RED IP-MPLS de RACSA | ||
| 260 | |c [San José, Costa Rica] |b 2006 | ||
| 300 | |a 139 hojas : ilustraciones (algunas a color) | ||
| 500 | |a Proyecto de graduación (magíster en ingeniería eléctrica mención comunicaciones digitales)--Universidad de Costa Rica. Sistema de Estudios de Posgrado | ||
| 650 | |x RADIOGRAFICA COSTARRICENSE S.A. |x ARQUITECTURA DE REDES DE COMPUTADORA |x MPLS NORMA |x TCP/IP (PROTOCOLO DE REDES DE COMPUTADORAS) |9 5698 | ||
| 942 | |c TFG | ||
| 999 | |c 17219 |d 17219 | ||
